Normal view
MARC view
- MURSALEEN SHAHID
Entry Personal Name
001 - CONTROL NUMBER
- control field: 73215
003 - CONTROL NUMBER IDENTIFIER
- control field: NUST
005 - DATE AND TIME OF LATEST TRANSACTION
- control field: 20210628205002.0
008 - FIXED-LENGTH DATA ELEMENTS
- fixed length control field: 210628|| aca||aabn | a|a d
040 ## - CATALOGING SOURCE
- Original cataloging agency: NUST
- Transcribing agency: NUST
100 ## - HEADING--PERSONAL NAME
- Personal name: MURSALEEN SHAHID
670 ## - SOURCE DATA FOUND
- Source citation: Work cat.: (NUST): MURSALEEN SHAHID, TH-SOF-1798-Modeling of the effect of non-spherical particles of various sizes using Direct Laser Deposition (DLD), 2020
